| 000 | 00584nam a22001817a 4500 | ||
|---|---|---|---|
| 005 | 20180409103049.0 | ||
| 010 | _aENG-122504 | ||
| 020 |
_a9789380574868 _c2495.00 |
||
| 035 | _aEN-106036 | ||
| 037 | _bDBAD/PUB | ||
| 082 | _a332.0954 | ||
| 100 | _aGianchandani, Heena | ||
| 245 |
_aMicrofinance : _cby Heena Gianchandani _ba platform for social change / |
||
| 260 |
_aDelhi _bBookwell _c2015 |
||
| 270 |
_a3/79, Nirankari Colony, _bDelhi _e110009 _k91-11-27601283 _mbkwell@nde.vsnl.net.in, |
||
| 300 |
_a642p. _bill. _c24cm(Hb) |
||
| 942 |
_2ddc _cEN _mGIA _h332.0954 |
||
| 999 |
_c150838 _d150838 |
||